000 00337 a2200157 4500
001 164892
020 _a
040 _cMagnum
100 _aPiletti, Nelson
240 1 0 _aHistoria da educacao no brasil
_lpor
245 1 0 _aHistoria da educacao no brasil
362 0 _a1899
440 1 _aÁtica
697 _aPEDAGOGIA
942 _cBK
999 _c164892
_d164892